书目信息 |
| 题名: |
老子
|
|
| 作者: | 老子, , 李杰 著 ;钟雷 主编 | |
| 分册: | ||
| 出版信息: | 哈尔滨 哈尔滨出版社 2004 |
|
| 页数: | 218页 | |
| 开本: | 21cm | |
| 丛书名: | 中国传统文化精华 | |
| 单 册: | ||
| 中图分类: | B223.1 | |
| 科图分类: | ||
| 主题词: | 道家--dao jia--少年读物 | |
| 电子资源: | ||
| ISBN: | 7-80699-162-X | |
| 000 | 00991nam 2200301 450 | |
| 001 | CAL 012004137037 | |
| 005 | 20061123152337.46 | |
| 010 | @a7-80699-162-X@dCNY 12.80 | |
| 099 | @aCAL 012004137037 | |
| 100 | @a20040804d2004 em y0chiy0121 ea | |
| 101 | 0 | @achi |
| 102 | @aCN@b110000 | |
| 200 | 1 | @a老子@Alao zi@f李杰主编@Fli jie zhu bian |
| 210 | @a哈尔滨@c哈尔滨出版社@d2004 | |
| 215 | @a218页@c图@d21cm | |
| 225 | 2 | @a中国传统文化精华@Azhong guo zhuan tong wen hua jing hua@e精美图文版@h第1辑 |
| 314 | @a老聃规范名称:老子 | |
| 314 | @a封面题: (春秋) 老聃著; 书中题: 钟雷主编 | |
| 330 | @a本书为中国传统文化精华之一,分为八十一章,较全面的将老子的道家思想展现给读者。 | |
| 410 | 0 | @12001 @a中国传统文化精华 |
| 605 | @a老子@Alao zi@x译文 | |
| 606 | 0 | @a道家@Adao jia@j少年读物 |
| 690 | @aB223.1@v4 | |
| 701 | 0 | @a老子,@Alao zi@f春秋时代@4著 |
| 701 | 0 | @a李杰@Ali jie@4主编 |
| 702 | 0 | @a钟雷@Azhong lei@4主编 |
| 801 | @aCN@c20061123 | |
| 905 | @apdsgxy@dB223.1@eL181 | |
| 老子/李杰主编.-哈尔滨:哈尔滨出版社,2004 |
| 218页:图;21cm.-(中国传统文化精华:精美图文版.第1辑) |
| ISBN 7-80699-162-X:CNY 12.80 |
| 本书为中国传统文化精华之一,分为八十一章,较全面的将老子的道家思想展现给读者。 |
| ● |
| 相关链接 |
|
|
|
正题名:老子
索取号:B223.1/L181
 
预约/预借
| 序号 | 登录号 | 条形码 | 馆藏地/架位号 | 状态 | 备注 |
| 1 | 615593 | 206155934 | 社科库509/ [索取号:B223.1/L181] | 在馆 |